01000cam a2200265 a 4500999001500000001000500015003000900020005001700029008004100046020001600087020001800103040002600121082002300147245011800170246001800288246004700306260004400353300004100397650007000438651005000508700002500558700001800583942001200601952012100613 c3049d30493387BD-DhUAP20200301150741.0200301s2000 gw ace 000 0 ger d a3764362790  a9783764362799 aMHcMHdBD-DhUAPbEng 223a720.943155 BAU00aBauwelt Berlin annual :bchronology of building events 1996 to 2001 /cedited by Martina Duttman and Felix Zwoch.30aBerlin annual30aChronology of building events 1996 to 2001 aBasel :bBirkhauser publishers,cc2000. a185 pages :billustrations ;c32 cm. 0aArchitecturezGermanyzBerlinxHistoryy20th centuryvChronology. 0aBerlin (Germany)xBuildings, structures, etc.1 aDüttmann, Martina.1 aZwoch, Felix. 2ddccBK 00102ddc4070aUAPCLbUAPCLcGeneral Stacksd2020-03-01o720.943155 BAUp3010003387r2020-03-01t1w2020-03-01yBK